| 000 | 00525cam a22001932a 4500 | ||
|---|---|---|---|
| 001 | 012132 | ||
| 003 | AR-FADEU | ||
| 008 | 311216n1974####xxu####################dd | ||
| 092 |
_a511 _bN962 |
||
| 100 | _aNudler, Oscar | ||
| 245 | _aIntroducción al problema de la fundamentación de la aritmética | ||
| 260 | _aBariloche | ||
| 260 | _bUniversidad Nacional del Comahue. Centro Regional Bariloche | ||
| 260 | _c1974 | ||
| 300 | _a30 p | ||
| 440 | _aCuadernos universitarios | ||
| 650 | _aMATEMATICA | ||
| 942 | _cBDGR | ||
| 999 |
_c17905 _d17905 |
||